000 00732nam a2200253Ia 4500
003 OSt
005 20220926012118.0
006 a|||||r|||| 00| 0
007 ta
008 220923b |||||||| |||| 00| 0 eng d
037 _cGeneral Book
040 _aRTL
_cRTL
_beng
041 _2eng
_aeng
082 _aY9(W,8), L3
100 _aKatz Elihu
_9131850
245 0 _aBureaucracy and the public
_b A reader in official c
260 _aNew York
_bBasic Books
_c1973
300 _aix,534p
_ccm.
500 _aBibliography: p 499-513
650 _aPolitical Sociology
700 _a Danet Brenda Ed.
_9315528
942 _hY9(W,8), L3
_cGB
_2CC
999 _c621737
_d621737